000 00463nam a2200181Ia 4500
001 3888
005 20260306145716.0
008 260306t2006||||xx |||||||||||||| ||spa||
041 _aESP
082 _a305.3
_bD13
100 _aDador Tozzini, María Jennie
_eAUT
245 0 _aConstruyendo la equidad de género:
_bpropuestas de políticas
260 _c2006
300 _a67 páginas :
_c30 cm.
650 _aGEN
654 _aCHU
942 _cLIB
_dJUS
_fJUS
_2ddc
_n
999 _c3888
_d3888